| 000 | 00493nam a22001577a 4500 | ||
|---|---|---|---|
| 005 | 20250118093743.0 | ||
| 008 | 250118b |||||||| |||| 00| 0 eng d | ||
| 020 | _a9798174732605 | ||
| 050 | _aR121 BAN | ||
| 245 |
_aBansal's New Illustrated Medical Dictionary/ _bEnglish-English _cedited by Shrinandan Bansal |
||
| 250 | _a1st ed. | ||
| 260 |
_aKrishan Nagar, Delhi _bA.I.T.B.S. Publishers _c2007 |
||
| 300 |
_a946p. _bill. _c24cm |
||
| 700 | _aBansal, Shrinandan | ||
| 942 |
_2lcc _cBK _e1st ed. _n0 |
||
| 999 |
_c2644 _d2644 |
||